000 00568nam a22001457a 4500
005 20250206173836.0
008 241105b |||||||| |||| 00| 0 eng d
100 _aVannini, Sandro.
_eauthor.
_963556
245 _aThe boy King :
_bthe treasure that dazzled the world /
_cSandro Vannini.
260 _aWashington ;
_bNational Geographic Partners, LLC.,
_cNovember 2022.
300 _avolume 241, pages 34-53,
_billustration.
500 _aNational Geographic, v. 242, n. 11, pages 34-53, September 2022.
700 _aVannini, Sandro.
_eauthor.
_963555
942 _2ddc
_cPER
999 _c22977
_d22977